000
00320nam a22001337a 4500
999
_c
11991
_d
11991
020
_a
8172454201
020
_a
9788172454203
082
_a
920.02
100
_a
Ashwani Bhardwaj
245
_a
The Great Writers of the World
260
_a
New Delhi
_b
Goodwill Publishing House
300
_a
ix, 533 pages
942
_c
BK